Регионална библиотека "Любен Каравелов" - Русе

Убийство в театъра (Запис номер 491898)

MARC детайли
000 -Лидер
Контролно поле с фиксирана дължина 01182nam a2200289 a 4500
003 - Код на организацията, давaща контролен номер
Контролно поле BLK
005 - Дата и час на последна редакция
Контролно поле 20250517123342.0
008 - Елементи от данни с фиксирана дължина
fixed length control field 200630b bu ||||| |||| 00| 0 bu d
020 ## - Международен стандартен номер на книга ISBN
Международен стандартен номер на книга ISBN 9786191519248
Поясняваща информация 978-619-151-924-8
040 ## - Източник на каталожния запис
Идентификатор на билиотеката - собственик на записа BLK
041 ## - Код за език
Код за езика на текст/звукозапис или на отделно заглавие Български
Код за езика КДБФ Български
080 ## - УДК
Текстов определител УДК Английска литература
УДК код - определител по УДК 821.111
УДК определител -312.4
УДК - код + определител 821.111-312.4
100 ## - Редна дума - Автор
R(LIN) 475892
Автор Диксън, Хелена
Авторска отговорност първи автор
139 ## - Редно поле
Редна дума Диксън, Хелена
Авторски знак Дико - Д 54
245 ## - Сведения за заглавието
Заглавие Убийство в театъра
Подзаглавни данни Роман
Редно поле (дума) Хелена Диксън ; прев. от англ. Анета Пантелеева.
257 ## - Страна на издаване
Страна на създаване/издаване Великобритания
260 ## - Област на издателските данни
9 (RLIN) 209582
Място на издаване, разпространение и проч. София
Име на издателя, разпространителя и проч. СофтПрес
Година на издаване 2023
Издателство - префикс ISBN 978-619-151- ; 978-954-685-
300 ## - Физическа характеристика
Страници 271 с.
Размери/Мащаб 20 см
380 ## - Жанр
Жанр Худож. лит.
490 ## - СЕРИИ (Колекции)
9 (RLIN) 487951
Име на серия Криминалните загадки на госпожица Ъндърхей
500 ## - Общи забележки
Забележка Murder at the Playhouse / Helena Dixon
700 ## - Други автори (авторска отговорност)
9 (RLIN) 389684
Лично име Пантелеева, Анета Димитрова
Автороска отговорност (Описва отношението между автора и произведението) прев. от англ.
852 ## - Местоположение
Форматна сигнатура Цб 322798
Фондова буква Хранилище
856 ## - Електронен адрес и достъп
Инструкция (цена за достъп) 0.00
Права за достъп disable
942 ## - АРТИКУЛИ
Вид на библиотечния материал Книги
Скрит в OPAC Не
Koha issues (borrowed), all copies 19
944 ## - СЪЗДАВАНЕ И РЕДАКЦИЯ на ЗАПИСА
Служител, извършил регистрацията/редакцията 30534
Статус, дата на статуса Радостина Карадакова
999 ## - СИСТЕМНИ КОНТРОЛНИ НОМЕРА
Koha biblionumber 491898
Koha biblioitemnumber 491898
Наличности
Код за отписване Код за изгубен артикул Източник на класификационната схема Код за повреда Код за отдаване Артикулен № Име на библиотеката - собственик Име на библиотеката, в която се намира в момента Статус (Текущо местоположение) Дата на вписване в системата Местоположение - отдел Цена в лева Инвентарен номер Систематично азбучна сигнатура Баркод Цена в евро Служебен тип на артикула Коз за рестрикции
  Не е изгубен Universal Decimal Classification Не е повреден заемане за дома 929155 Регионална библиотека "Любен Каравелов" Русе Регионална библиотека "Любен Каравелов" Русе Заемна - подръчен фонд 2023-06-21 Заемна - подръчен фонд 12.59 120000888350 821-31/Д 54 Х 120000888350 6.44 Книги  
  Не е изгубен Universal Decimal Classification Не е повреден заемане за дома 933464 Регионална библиотека "Любен Каравелов" Русе Регионална библиотека "Любен Каравелов" Русе Заемна - подръчен фонд 2023-09-14 Заемна - подръчен фонд 17.99 120000892630 821-31/Д 54 Х 120000892630 9.20 Книги  
  Не е изгубен Universal Decimal Classification Не е повреден ползва се в читалня 943307 Регионална библиотека "Любен Каравелов" Русе Регионална библиотека "Любен Каравелов" Русе Хранилище 2024-06-04 Хранилище 17.99 120000908400 Цб 322798 120000908400 9.20 Книги само за читалня
Vip Innovations Ltd, Rousse, Bulgaria 2025